State taxation : Bibliographical list of recent writings.

Bibliographic Details
Corporate Author: Library of Congress. Division of Bibliography
Other Authors: Baden, Anne L. (Anne Laura), 1879-1944
Format: Government Document eBook
Language:English
Published: Washington : [publisher not identified], 1932.
Subjects:
Online Access:Connect to the full text of this electronic document

MARC

Tag First Indicator Second Indicator Subfields
LEADER 00000cam a22000001a 4500
001 in00003759749
005 20190408185421.0
006 m o d f
007 cr bn mmmapmmp
008 040322s1932 dcu o f000 0 eng d
035 |a ebd1910600134 
040 |a UMI  |c UMI  |d UtOrBLW 
086 0 |a LC 2.2:T 19 
099 |a LC2.2-92 
245 0 0 |a State taxation :  |b Bibliographical list of recent writings. 
264 1 |a Washington :  |b [publisher not identified],  |c 1932. 
300 |a 1 online resource (52 pages) 
336 |a text  |b txt  |2 rdacontent 
337 |a computer  |b c  |2 rdamedia 
338 |a online resource  |b cr  |2 rdacarrier 
500 |a [annotated bibliography]. 
500 |a Record is based on bibliographic data in ProQuest U.S. Executive Branch Documents, 1910-1932. Reuse except for individual research requires license from ProQuest, LLC. 
533 |a Electronic reproduction.  |b [Bethesda, Md.] :  |c ProQuest,  |d 2012.  |e digital, PDF file.  |n ProQuest U.S. Executive Branch Documents, 1910-1932.  |n Mode of access: World Wide Web via ProQuest website. 
538 |a System requirements: PDF reader software. 
500 |a Electronic resource. 
610 2 0 |a Library of Congress.  |b Division of Bibliography.  |0 http://id.loc.gov/authorities/names/n80009686 
650 0 |a Bibliography.  |0 http://id.loc.gov/authorities/subjects/sh85013838 
655 7 |a Electronic books.  |2 local 
700 1 |a Baden, Anne L.  |q (Anne Laura),  |d 1879-1944.  |0 http://id.loc.gov/authorities/names/no2003001380 
710 2 |a Library of Congress.  |b Division of Bibliography.  |0 http://id.loc.gov/authorities/names/n80009686 
776 1 8 |i Microfiche version:  |t State taxation  |o CIS US Exec MF LC2.2-92  |w (ProQuest)cis19160086 
856 4 0 |u http://proxy.library.tamu.edu/login?url=http://congressional.proquest.com/congressional/docview/t66.d71.lc2.2-92  |z Connect to the full text of this electronic document  |t 0 
999 f f |s 157aab71-fb44-3680-8796-1c83a3422dd2  |i 421794c4-0c03-3291-b969-79c5dfcb950a  |t 0 
952 f f |a Texas A&M University  |b College Station  |c Electronic Resources  |d Available Online  |t 0  |h No information provided 
998 f f |t 0  |l Available Online